Statistics for behavioural and social sciences / (Record no. 100093)

MARC details
000 -LEADER
fixed length control field 00810cam a22002298i 4500
005 - DATE AND TIME OF LATEST TRANSACTION
control field 20160607105703.0
010 ## - LCCN (DPL NO)
LC control number ENG-115197
020 ## - INTERNATIONAL STANDARD BOOK NUMBER
International Standard Book Number 9789351501817
Terms of availability 650.00
035 ## - SYSTEM CONTROL NUMBER
System control number EN-98729
037 ## - SOURCE OF ACQUISITION
Source of stock number/acquisition DBAD/PUB
082 00 - DEWEY DECIMAL CLASSIFICATION NUMBER
Classification number 150.15195
Edition number 23
100 1# - MAIN ENTRY--PERSONAL NAME
Personal name Mohanty, Banamali
245 10 - TITLE STATEMENT
Title Statistics for behavioural and social sciences /
Statement of responsibility, etc by Banamali Mohanty [and] Santa Misra
260 ## - PUBLICATION, DISTRIBUTION, ETC. (IMPRINT)
Place of publication, distribution, etc New Delhi
Name of publisher, distributor, etc SAGE Publications
Date of publication, distribution, etc 2016
270 ## - ADDRESS
Address B1/I-1 Mohan Cooperative Industrial Area, Mathura Road
City New Delhi
Postal code 110044
300 ## - PHYSICAL DESCRIPTION
Extent various pagings
Dimensions 25cm(pbk)
500 ## - GENERAL NOTE
General note Includes bibliographical references and index
650 #0 - SUBJECT ADDED ENTRY--TOPICAL TERM
Topical term or geographic name as entry element Psychology
General subdivision Statistical methods.
650 #0 - SUBJECT ADDED ENTRY--TOPICAL TERM
Topical term or geographic name as entry element Social sciences
General subdivision Statistical methods.
700 1# - ADDED ENTRY--PERSONAL NAME
Personal name Misra, Santa
942 ## - ADDED ENTRY ELEMENTS (KOHA)
Source of classification or shelving scheme Dewey Decimal Classification
Item type English Books
Classification part 150.15195
Call number suffix MOH
Holdings
Withdrawn status Lost status Not for loan Collection code Home library Current library Date acquired Source of acquisition Cost, normal purchase price Full call number Barcode Copy number Cost, replacement price Koha item type
    Not For Loan Non-fiction D.B.Act.Division Bawana 27/05/2016 DBAD/PUB 650.00 150.15195 MOH EN-98729 1 650.00 English Books

© Delhi Public Library
Hit Counter
free hit counter